[Event "Pan American Amateur-ch"]
[Site "San Andres Islas"]
[Date "2014.08.29"]
[Round "7"]
[White "Dabraccio, Guillermo"]
[Black "Medina, Julio C"]
[Result "1-0"]
[WhiteElo "1766"]
[BlackElo "1888"]
[PlyCount "97"]
[EventDate "2014.08.26"]
[EventType "swiss"]
[EventRounds "9"]
[EventCountry "COL"]
[SourceTitle "EXT 2016"]
[Source "ChessBase"]
[SourceDate "2015.10.08"]
[SourceVersion "1"]
[SourceVersionDate "2015.10.08"]
[SourceQuality "1"]

1. d4 Nf6 2. Nf3 b6 3. Bf4 g6 4. e3 Bg7 5. h3 0-0 6. Be2 Bb7 7. 0-0 d6 8. c4 c5 9. Nc3 cxd4 10. exd4 Nc6 11. Qd2 Re8 12. Rad1 d5 13. Ne5 dxc4 14. Bxc4 Nxe5 15. dxe5 Qxd2 16. Rxd2 Ne4 17. Nxe4 Bxe4 18. Rfd1 Rac8 19. Bb5 Bc6 20. Ba6 Ra8 21. Rc1 Be4 22. Rcd1 e6 23. f3 Bd5 24. b3 h6 25. Bg3 g5 26. Rc1 Bf8 27. Rc7 Bc5+ 28. Bf2 Re7 29. Rxe7 Bxe7 30. Rc2 Bd8 31. b4 Rb8 32. Bf1 Bb7 33. Be3 Rc8 34. Rxc8 Bxc8 35. b5 Bb7 36. Bd3 Bd5 37. a3 Be7 38. h4 gxh4 39. Kh2 Bxa3 40. Bxh6 Bb2 41. f4 a5 42. bxa6 Bc6 43. a7 Bd4 44. Bb5 Bd5 45. Bg5 Kg7 46. Bxh4 f6 47. Bxf6+ Kg6 48. g4 Be4 49. Bd3 1-0

[Event "Pan American Amateur-ch"]
[Site "San Andres Islas"]
[Date "2014.08.27"]
[Round "2"]
[White "Medina, Julio C"]
[Black "Rozo, Claudia Magally"]
[Result "1-0"]
[WhiteElo "1888"]
[BlackElo "1530"]
[PlyCount "59"]
[EventDate "2014.08.26"]
[EventType "swiss"]
[EventRounds "9"]
[EventCountry "COL"]
[SourceTitle "EXT 2016"]
[Source "ChessBase"]
[SourceDate "2015.10.08"]
[SourceVersion "1"]
[SourceVersionDate "2015.10.08"]
[SourceQuality "1"]

1. e4 c5 2. Nf3 d6 3. c3 Nf6 4. h3 Nbd7 5. Bd3 a6 6. Bc2 e6 7. d4 cxd4 8. cxd4 Qc7 9. 0-0 Be7 10. Nc3 0-0 11. Re1 e5 12. Bg5 Rd8 13. Bxf6 Nxf6 14. Nd5 Nxd5 15. exd5 f6 16. Rc1 Qb8 17. Nh4 g6 18. Qd2 Kg7 19. Bb1 b5 20. Rc3 f5 21. Nf3 Bb7 22. dxe5 dxe5 23. Nxe5 Rxd5 24. Nc6 Bxc6 25. Rxe7+ Kg8 26. Qe1 Qd6 27. Bc2 Rd2 28. Re6 Qd7 29. Rcxc6 Kf7 30. Bb3 1-0

[Event "Pan American-ch"]
[Site "Cartagena"]
[Date "2012.07.07"]
[Round "7"]
[White "Gomez, John David"]
[Black "Medina, Julio C"]
[Result "1-0"]
[WhiteElo "1987"]
[BlackElo "1888"]
[PlyCount "83"]
[EventDate "2012.07.04"]
[EventType "swiss"]
[EventRounds "9"]
[EventCountry "COL"]
[SourceTitle "CBM 149 Extra"]
[Source "ChessBase"]
[SourceDate "2012.08.24"]
[SourceVersion "1"]
[SourceVersionDate "2012.08.24"]
[SourceQuality "1"]

1. e4 c5 2. Nf3 Nc6 3. Bb5 d6 4. Bxc6+ bxc6 5. 0-0 d5 6. d3 Bg4 7. c4 Nf6 8. Qa4 Bd7 9. e5 Ng8 10. Nc3 e6 11. Qc2 Ne7 12. Na4 Nf5 13. b3 Rc8 14. Ba3 Qa5 15. Qd2 Qxd2 16. Nxd2 Nd4 17. Bxc5 Nc2 18. Rac1 Nb4 19. d4 Rc7 20. Bxf8 Rxf8 21. a3 Na6 22. b4 Ke7 23. Rc3 Rb8 24. Rfc1 Rcb7 25. Nb3 Be8 26. Na5 Rc7 27. cxd5 exd5 28. Nxc6+ Bxc6 29. Rxc6 Rxc6 30. Rxc6 Nxb4 31. axb4 Rxb4 32. Nc3 Rxd4 33. g3 Rd3 34. Kf1 d4 35. Nb5 f6 36. exf6+ gxf6 37. Ke2 Rb3 38. Nxd4 a5 39. Ra6 Rb2+ 40. Ke3 Ra2 41. Rxa5 Rxa5 42. Nc6+ 1-0

[Event "Pan American-ch"]
[Site "Cartagena"]
[Date "2012.07.06"]
[Round "6"]
[White "Medina, Julio C"]
[Black "Romero, Oscar"]
[Result "1-0"]
[WhiteElo "1888"]
[BlackElo "1793"]
[PlyCount "24"]
[EventDate "2012.07.04"]
[EventType "swiss"]
[EventRounds "9"]
[EventCountry "COL"]
[SourceTitle "CBM 149 Extra"]
[Source "ChessBase"]
[SourceDate "2012.08.24"]
[SourceVersion "1"]
[SourceVersionDate "2012.08.24"]
[SourceQuality "1"]

1. e4 d6 2. d4 g6 3. Nf3 Bg7 4. Bc4 Nf6 5. Nc3 0-0 6. 0-0 c5 7. dxc5 dxc5 8. Be3 b6 9. e5 Qxd1 10. Raxd1 Ne8 11. Bd5 Nc7 12. Bxa8 Nxa8 1-0